Statistiques concernant Culture Générale - Série 755

Cliquez ici pour prendre le quiz!

Statistiques générales

  • Ce quiz a été pris 55 fois
  • Le résultat moyen est 6 sur 10

Statistiques - réponses

Question Réponse % Correct
Pendant l'Antiquité, en l'honneur de quel dieu les Romains célébraient-ils les fêtes appelées : "bacchanales" ?Bacchus
94%
Quel appareil de locomotion aérienne est par définition amené à atterrir sur un héliport ?hélicoptère
92%
Quel genre poétique urbain a été popularisé en France par l'artiste Grand Corps Malade ?slam
83%
Quelle capitale européenne, la rivière Manzanares traverse-t-elle ?Madrid
81%
Quel groupe pop a fait un tube, en 1984, avec le titre : "Wake Me up Before You Go-Go" ?Wham
60%
Dans quelle chanson MC Solaar est-il : "L'as de trèfle qui pique ton coeur" ?Caroline
60%
Quel magicien espagnol faisait rire Denise Fabre avec ses tours "décontrastés" dans l'émission "Samedi est à vous ?" ?José Garcimore
58%
Complétez le titre du roman de Claude Lévi-Strauss, "Tristes ...tropiques
42%
Quelle race d'épagneuls tire son nom d'un roi anglais ?cavalier king charles
23%
Complétez le titre du film franco-mexicain d'Yves Allégret sorti en 1953, avec Gérard Philipe et Michèle Morgan, "Les ....Orgueilleux
8%

Distribution des résultats

Percentile by Number Answered

% des personnes avec chaque résultat

Votre développement - résultats

Vous n’avez pas pris ce quiz